Statistiques concernant Prénoms célèbres n°6

Cliquez ici pour prendre le quiz!

Statistiques générales

  • Ce quiz a été pris 188 fois
  • Le résultat moyen est 12 sur 16

Statistiques - réponses

PrénomNoms de famille% Correct
DavidBeckham, Bowie, Hasselhoff, Guetta
99%
JohnnyHallyday, Depp, Weissmuller
99%
JustinTrudeau, Timberlake, Bieber
97%
BenjaminFranklin, Pavard, Griveaux, Biolay
95%
JeanSibelius, Genet, de La Fontaine
94%
PatrickDupond, Sébastien, Swayze, Poivre d'Arvor
93%
WilliamBlake, Shatner, Shakespeare
93%
Martinde Tours, Scorsese, Luther, Fourcade
91%
VictoriaAbril, Beckham, Silverstedt, de los Ángeles
84%
JosephGoebbels, Haydn, Staline
82%
SandraBullock, Oh, Laugier, Lou
75%
BrianJoubert, De Palma, May
62%
KlausKinski, Barbie, Iohannis, Mann
60%
RupertMurdoch, Everett, Grint
58%
JulianAssange, Alaphilippe, Lennon
54%
CarolineMécary, Bourg, Cayeux, Huppert
9%

Distribution des résultats

Percentile par nombre de réponses

% des personnes avec chaque résultat

Votre développement - résultats

Vous n’avez pas pris ce quiz